Language Quiz

Random Language or Letter Quiz

'Prefix'ation Quiz Stats

 Plays Quiz Updated Nov 19, 2018

Also try: Click a Prefix
Challenge
Share
Tweet
Embed
Score 0/40 Timer 05:00
0 Plays Today
Letters Sharing Prefix Prefix % Correct
-port, -align, -visere-
95%
-nary, -furcate, -weeklybi-
94.7%
-opus, -agon, -aveoct-
92.5%
-morphus, -gamy, -gonpoly-
92.5%
-sense, -descript, -abrasivenon-
90.6%
-verge, -join, -tractcon-
90.6%
-spire, -suade, -mitper-
90.1%
-angle, -logy, -nitytri-
89%
-national, -media, -plymulti-
88.7%
-phone, -byte, -tonmega-
88.3%
-lateral, -nox, -distantequi-
88%
-hale, -clusive, -ceedex-
87.9%
-medic, -phrase, -doxpara-
87.6%
-phoria, -logy, -phemismeu-
87.4%
-potent, -vorous, -presentomni-
87.2%
-poly, -logue, -railmono-
86.6%
-ennial, -ury, -ipedecent-
85.3%
-thesis, -septic, -socialanti-
85%
-genize, -sexual, -phonehomo-
84.5%
-mortem, -pone, -eriorpost-
84.4%
Letters Sharing Prefix Prefix % Correct
-graph, -synthesis, -genicphoto-
84.4%
-natural, -sede, -iorsuper-
79.4%
-cast, -see, -tellfore-
77.7%
-logy, -graphy, -mebio-
76.7%
-gonal, -meter, -loguedia-
76.7%
-type, -zoan, -colproto-
76.5%
-content, -ice, -functionmal-
76%
-dontics, -pedic, -doxortho-
75.4%
-active, -ventilate, -bolichyper-
73.8%
-factor, -volent, -dictionbene-
73.3%
-torium, -ence, -bleaudi-
72.6%
-amic, -amo, -astydyn-
72.6%
-form, -mit, -portationtrans-
71%
-venous, -mural, -natalintra-
70.3%
-rocket, -spective, -activeretro-
68.6%
-mobile, -matic, -graphauto-
68.6%
-ograph, -etic, -icsphon-
68.2%
-ology, -ic, -iclechron-
51.4%
-solve, -rupt, -sentab-
46.5%
-red, -structure, -axillaryinfra-
33.5%

You're not logged in!

Compare scores with friends on all Sporcle quizzes.
OR
Log In

You Might Also Like...

Show Comments

Extras

Top Quizzes Today


Score Distribution

Your Account Isn't Verified!

In order to create a playlist on Sporcle, you need to verify the email address you used during registration. Go to your Sporcle Settings to finish the process.

Report this User

Report this user for behavior that violates our Community Guidelines.

Details: